000
002600000a22000970004500
100
1
_a
Myers, Bryant
245
1
0
_a
Another look at "holistic mission"
300
_a
Vol. 35, Núm 3 (1999), Páginas 285-287
773
0
_t
Evangelical Missions Quarterly
942
_c
ANA
999
_c
58202
_d
58202